000 00915njm a2200265Ia 4500
001 23836
003 IT-RoPAU
005 20220918181119.0
008 131025s9999 xx 000 0 und d
040 _aIT-RoPAU
040 _cIT-RoPAU
999 _c99649
_d99649
999 _bn.d.
100 _aAA.VV.
_9794
100 _eAutore musica
_96460
100 _gCodice autore musica SPICS: 12000
_9796
245 _aMucho gusto (Los Machucambos) (Lp Pfs 334155)
250 _a1a ed.
260 _aLONDON
260 _bDECCA RECORD COMPANY
_c1969 [1a Ed.:1969]
300 _aDISCO
500 _aCanti folkloristici. Spagna. Musica folk
505 _aMas que nada - Manha de carnaval - Maracaibo - Corcovado - Puerto de Barranquilla - Babalu - A Man and a Woman - Baia - Paraguajita - Taripai che cucharata - How Insensitive - Carnavalito humahuaqueno
650 _aFOLK [DISCHI]
_eCodice MATERIA SPICS: 9950
_91209
942 _cMD
_2ddc